[Event "NED-ch 1973"]
[Site "Leeuwarden"]
[Date "1973.??.??"]
[Round "1"]
[White "Enklaar, Bert"]
[Black "Boersma, Paul"]
[Result "1/2-1/2"]
[WhiteElo "2445"]
[BlackElo "2335"]
[PlyCount "93"]
[EventDate "1973.??.??"]
[Source "ChessBase"]
[SourceDate "1999.07.01"]

1. e4 d6 2. d4 g6 3. c4 Bg7 4. Nc3 Nc6 5. d5 Nd4 6. Be3 c5 7. Nge2 Qb6 8. Qd2
Bg4 9. Na4 Qb4 10. Qxb4 Nc2+ 11. Kd2 Nxb4 12. Nac3 Bd7 13. h3 h5 14. g3 Na6 15.
a3 Nh6 16. Nf4 O-O 17. Bd3 Nc7 18. b4 b6 19. Rab1 e5 20. dxe6 Nxe6 21. Nfd5
Rfe8 22. e5 Nf5 23. Ne4 Red8 24. Nef6+ Kf8 25. Bxf5 gxf5 26. exd6 Bc6 27. bxc5
f4 28. gxf4 Bxf6 29. Nxf6 Nxc5 30. Nd5 Rxd6 31. Bxc5 bxc5 32. Kc3 Bxd5 33. cxd5
Rxd5 34. Rhe1 Rd4 35. Re5 Rxf4 36. Rxh5 Rf3+ 37. Kc4 Rf4+ 38. Kxc5 Rc8+ 39. Kd5
Rc3 40. Rb8+ Kg7 41. Rg5+ Kf6 42. Rg3 Rff3 43. a4 Rxg3 44. fxg3 Rxg3 45. Rb7
Rxh3 46. Rxa7 Ra3 47. Ke4 1/2-1/2

[Event "NED-ch 1973"]
[Site "Leeuwarden"]
[Date "1973.??.??"]
[Round "1"]
[White "Hartoch, Rob"]
[Black "Scholl, Eddie"]
[Result "1/2-1/2"]
[WhiteElo "2380"]
[BlackElo "2400"]
[PlyCount "30"]
[EventDate "1973.??.??"]
[Source "ChessBase"]
[SourceDate "1999.07.01"]

1. c4 e5 2. Nc3 Nf6 3. Nf3 Nc6 4. g3 Bb4 5. Bg2 O-O 6. O-O e4 7. Ng5 Bxc3 8.
bxc3 Re8 9. f3 exf3 10. Nxf3 Qe7 11. e3 d6 12. Nd4 Nxd4 13. cxd4 c6 14. Qb3 Bg4
15. Ba3 Qd7 1/2-1/2

[Event "NED-ch 1973"]
[Site "Leeuwarden"]
[Date "1973.??.??"]
[Round "1"]
[White "Henneberke, Frans"]
[Black "Van der Weide, Piet"]
[Result "1/2-1/2"]
[WhiteElo "2200"]
[BlackElo "2290"]
[PlyCount "41"]
[EventDate "1973.??.??"]
[Source "ChessBase"]
[SourceDate "1999.07.01"]

1. d4 f5 2. c4 Nf6 3. Nc3 d6 4. Nf3 g6 5. g3 Bg7 6. Bg2 O-O 7. O-O c6 8. Bg5
Na6 9. Qd2 Qb6 10. Rad1 Re8 11. b3 Qb4 12. Ne1 Qa5 13. Bxf6 exf6 14. Nd3 Qd8
15. Rfe1 Nc7 16. Nf4 Bh6 17. e3 Qe7 18. Qc1 Qf7 19. Qa3 Bf8 20. Qb2 Bd7 21. Nd3
1/2-1/2

[Event "NED-ch 1973"]
[Site "Leeuwarden"]
[Date "1973.??.??"]
[Round "1"]
[White "Sosonko, Gennadi"]
[Black "Van Scheltinga, Theo"]
[Result "1-0"]
[WhiteElo "2430"]
[BlackElo "2330"]
[PlyCount "61"]
[EventDate "1973.??.??"]
[Source "ChessBase"]
[SourceDate "1999.07.01"]

1. d4 d5 2. c4 e6 3. g3 c6 4. Qc2 Nf6 5. Nf3 Nbd7 6. Bg2 Ne4 7. O-O Be7 8. b3
O-O 9. Ba3 Bxa3 10. Nxa3 Qe7 11. Qb2 f5 12. b4 a6 13. c5 g5 14. Rad1 h5 15. Nc2
h4 16. Ne5 Nxe5 17. dxe5 Qh7 18. Ne3 hxg3 19. fxg3 Kg7 20. Bxe4 dxe4 21. Rf2 f4
22. gxf4 gxf4 23. Rg2+ Kh8 24. Ng4 f3 25. Nf6 Qh6 26. exf3 exf3 27. Rg3 b5 28.
Qd2 f2+ 29. Kxf2 Qxh2+ 30. Kf3 Qh5+ 31. Kg2 1-0

[Event "NED-ch 1973"]
[Site "Leeuwarden"]
[Date "1973.??.??"]
[Round "1"]
[White "Van Baarle, John"]
[Black "Van der Vliet, Fred"]
[Result "0-1"]
[WhiteElo "2320"]
[BlackElo "2310"]
[PlyCount "80"]
[EventDate "1973.??.??"]
[Source "ChessBase"]
[SourceDate "1999.07.01"]

1. f4 c5 2. b3 Nf6 3. Bb2 e6 4. Nf3 Be7 5. e3 O-O 6. Bd3 Nc6 7. O-O b6 8. c4 d5
9. Ne5 Bb7 10. cxd5 exd5 11. Bb5 Rc8 12. d3 Na5 13. Bc3 a6 14. Bxa5 axb5 15.
Be1 Nd7 16. Nd2 Bd6 17. Bg3 Re8 18. Ndf3 f6 19. Nxd7 Qxd7 20. Qd2 Bf8 21. a3
Qe6 22. Bf2 d4 23. exd4 Bxf3 24. gxf3 Qxb3 25. dxc5 bxc5 26. Qa2 Qxa2 27. Rxa2
Red8 28. Rd1 Ra8 29. Rdd2 Ra4 30. Be3 Kf7 31. Kf2 Rd5 32. Rab2 b4 33. axb4 cxb4
34. Ke2 Rh5 35. Kf1 Bd6 36. Rdc2 Ra3 37. Rd2 b3 38. d4 Rb5 39. Rd3 Ra1+ 40. Ke2
Ra2 0-1

[Event "NED-ch 1973"]
[Site "Leeuwarden"]
[Date "1973.??.??"]
[Round "1"]
[White "Zuidema, Coenraad"]
[Black "Marcus, Joost"]
[Result "1/2-1/2"]
[WhiteElo "2200"]
[BlackElo "2395"]
[PlyCount "33"]
[EventDate "1973.??.??"]
[Source "ChessBase"]
[SourceDate "1999.07.01"]

1. b3 d5 2. Bb2 c5 3. e3 Nf6 4. f4 g6 5. Nf3 Bg7 6. Be2 O-O 7. O-O b6 8. Ne5
Bb7 9. Bf3 Nc6 10. Nxc6 Bxc6 11. Qe2 Qd7 12. d3 Ne8 13. Bxg7 Nxg7 14. c4 Rad8
15. Nc3 e6 16. g4 d4 17. Bxc6 1/2-1/2

[Event "NED-ch 1973"]
[Site "Leeuwarden"]
[Date "1973.??.??"]
[Round "2"]
[White "Boersma, Paul"]
[Black "Van Baarle, John"]
[Result "1-0"]
[WhiteElo "2335"]
[BlackElo "2320"]
[PlyCount "74"]
[EventDate "1973.??.??"]
[Source "ChessBase"]
[SourceDate "1999.07.01"]

1. g3 g6 2. Bg2 Bg7 3. e4 c5 4. d3 Nc6 5. Ne2 d6 6. O-O e6 7. Nbc3 Nge7 8. Bg5
Rb8 9. Qd2 h6 10. Be3 b5 11. a3 Nd4 12. Rab1 a5 13. b4 Nxe2+ 14. Nxe2 axb4 15.
axb4 Qc7 16. c3 e5 17. d4 exd4 18. cxd4 c4 19. Nc3 Bd7 20. Ra1 h5 21. Ra5 O-O
22. Rfa1 Kh7 23. d5 Nc8 24. Bf1 Nb6 25. Ra7 Rb7 26. Rxb7 Qxb7 27. Ra5 Rb8 28.
Nxb5 Na4 29. Bxc4 Nb6 30. Be2 Nc8 31. Kg2 Ra8 32. Rxa8 Qxa8 33. Nd4 f5 34. exf5
Qxd5+ 35. Bf3 Qc4 36. fxg6+ Kxg6 37. Qe2 d5 1-0

[Event "NED-ch 1973"]
[Site "Leeuwarden"]
[Date "1973.??.??"]
[Round "2"]
[White "Hartoch, Rob"]
[Black "Sosonko, Gennadi"]
[Result "1/2-1/2"]
[WhiteElo "2380"]
[BlackElo "2430"]
[PlyCount "90"]
[EventDate "1973.??.??"]
[Source "ChessBase"]
[SourceDate "1999.07.01"]

1. c4 c5 2. Nf3 Nc6 3. d4 cxd4 4. Nxd4 g6 5. e4 Bg7 6. Be3 Nf6 7. Nc3 Ng4 8.
Qxg4 Nxd4 9. Qd1 Ne6 10. Rc1 Qa5 11. Qd2 b6 12. b3 Bb7 13. Nd5 Qxd2+ 14. Kxd2
Be5 15. f3 g5 16. h4 h6 17. hxg5 hxg5 18. Rxh8+ Bxh8 19. Bd3 Be5 20. Rh1 d6 21.
Bc2 Rc8 22. Rh5 Kd7 23. Rh7 Rf8 24. Bd3 Nf4 25. Bf1 Ne6 26. Ke1 Bg3+ 27. Kd1
Be5 28. Bd2 Bc6 29. Ne3 Bf4 30. Bd3 Nd4 31. Nf5 Nxf5 32. exf5 Bxd2 33. Kxd2 f6
34. Be4 Bxe4 35. fxe4 a6 36. Kc3 Rc8 37. Rh3 b5 38. Kd4 b4 39. Rh1 a5 40. Ra1
Rh8 41. a3 e5+ 42. fxe6+ Kxe6 43. axb4 axb4 44. Ra4 Rh2 45. Rxb4 Rxg2 1/2-1/2

[Event "NED-ch 1973"]
[Site "Leeuwarden"]
[Date "1973.??.??"]
[Round "2"]
[White "Marcus, Joost"]
[Black "Enklaar, Bert"]
[Result "1/2-1/2"]
[WhiteElo "2395"]
[BlackElo "2445"]
[PlyCount "81"]
[EventDate "1973.??.??"]
[Source "ChessBase"]
[SourceDate "1999.07.01"]

1. Nf3 Nf6 2. c4 e6 3. d4 c5 4. e3 d5 5. Nc3 Nc6 6. a3 a6 7. cxd5 exd5 8. Be2
Bd6 9. dxc5 Bxc5 10. b4 Ba7 11. Bb2 O-O 12. O-O Be6 13. b5 axb5 14. Nxb5 Bb8
15. Rc1 Ne4 16. Qd3 Qe7 17. Rfd1 Rd8 18. Nbd4 Ne5 19. Nxe5 Bxe5 20. g3 Bd7 21.
Bf3 Nc5 22. Qc2 Na4 23. Ba1 Qxa3 24. Bxd5 Bg4 25. Bf3 Rac8 26. Bxg4 Rxc2 27.
Nxc2 Rxd1+ 28. Rxd1 Qe7 29. Bxe5 f5 30. Bxg7 fxg4 31. Ba1 Nc5 32. Rd5 Ne6 33.
Nd4 Qa3 34. Nxe6 Qxa1+ 35. Kg2 Qa4 36. Nd4 Kf7 37. Rb5 Ke8 38. Re5+ Kf8 39.
Rf5+ Ke8 40. Re5+ Kf7 41. Rb5 1/2-1/2

[Event "NED-ch 1973"]
[Site "Leeuwarden"]
[Date "1973.??.??"]
[Round "2"]
[White "Van Scheltinga, Theo"]
[Black "Zuidema, Coenraad"]
[Result "1/2-1/2"]
[WhiteElo "2330"]
[BlackElo "2200"]
[PlyCount "45"]
[EventDate "1973.??.??"]
[Source "ChessBase"]
[SourceDate "1999.07.01"]

1. e4 e5 2. Nf3 Nc6 3. Bc4 Nf6 4. d3 Bc5 5. Nc3 d6 6. Bg5 h6 7. Bxf6 Qxf6 8.
Nd5 Qd8 9. c3 a6 10. d4 Ba7 11. h3 Be6 12. Bb3 O-O 13. O-O Re8 14. Re1 Na5 15.
Bc2 c6 16. Ne3 Nc4 17. Nxc4 Bxc4 18. Bb3 Bxb3 19. Qxb3 Qb6 20. Qxb6 Bxb6 21.
dxe5 dxe5 22. Rad1 Re7 23. Re2 1/2-1/2

[Event "NED-ch 1973"]
[Site "Leeuwarden"]
[Date "1973.??.??"]
[Round "2"]
[White "Van der Vliet, Fred"]
[Black "Henneberke, Frans"]
[Result "1/2-1/2"]
[WhiteElo "2310"]
[BlackElo "2200"]
[PlyCount "58"]
[EventDate "1973.??.??"]
[Source "ChessBase"]
[SourceDate "1999.07.01"]

1. Nf3 Nf6 2. g3 d5 3. Bg2 g6 4. O-O Bg7 5. d4 O-O 6. c4 c6 7. cxd5 cxd5 8. Nc3
Ne4 9. Ne5 Nxc3 10. bxc3 Nc6 11. Nxc6 bxc6 12. Qa4 Qb6 13. e4 Ba6 14. Re1 Bb5
15. Qb4 e6 16. Bf4 Bd3 17. Qa3 Rfc8 18. Bd6 Qb7 19. e5 a5 20. Bf1 Bxf1 21. Rxf1
Bf8 22. Bxf8 Rxf8 23. Rab1 Qa7 24. Rb2 Rfb8 25. Rfb1 Rxb2 26. Rxb2 Rb8 27. Qc5
Qc7 28. Rb3 Rxb3 29. axb3 Qb7 1/2-1/2

[Event "NED-ch 1973"]
[Site "Leeuwarden"]
[Date "1973.??.??"]
[Round "3"]
[White "Henneberke, Frans"]
[Black "Boersma, Paul"]
[Result "0-1"]
[WhiteElo "2200"]
[BlackElo "2335"]
[PlyCount "80"]
[EventDate "1973.??.??"]
[Source "ChessBase"]
[SourceDate "1999.07.01"]

1. d4 Nf6 2. c4 c5 3. e3 g6 4. Nf3 Bg7 5. Nc3 O-O 6. Be2 cxd4 7. exd4 d5 8. c5
Bg4 9. O-O Nc6 10. Be3 b6 11. cxb6 Qxb6 12. Qd2 Bxf3 13. Bxf3 e6 14. Rab1 Ne8
15. Na4 Qb4 16. Qxb4 Nxb4 17. Nc3 Nd6 18. Rfd1 Rfc8 19. a3 Nc6 20. Be2 Ne7 21.
Nb5 Nc4 22. Bxc4 Rxc4 23. Rbc1 Rb8 24. Rxc4 dxc4 25. Nd6 Rxb2 26. Nxc4 Rc2 27.
Rc1 Rxc1+ 28. Bxc1 Bxd4 29. Kf1 Nd5 30. Ke2 Kf8 31. f3 Ke7 32. Kd3 Bg1 33. h3
f6 34. Nb2 Kd6 35. Kc4 Kc6 36. Nd3 a5 37. a4 Be3 38. Bb2 Bd2 39. Ba3 Ne3+ 40.
Kd4 Nc2+ 0-1

[Event "NED-ch 1973"]
[Site "Leeuwarden"]
[Date "1973.??.??"]
[Round "3"]
[White "Sosonko, Gennadi"]
[Black "Scholl, Eddie"]
[Result "1-0"]
[WhiteElo "2430"]
[BlackElo "2400"]
[PlyCount "79"]
[EventDate "1973.??.??"]
[Source "ChessBase"]
[SourceDate "1999.07.01"]

1. d4 Nf6 2. c4 g6 3. Nc3 d5 4. Nf3 Bg7 5. Qb3 dxc4 6. Qxc4 O-O 7. e4 a6 8. Be2
b5 9. Qb3 c5 10. dxc5 Bb7 11. O-O Nbd7 12. e5 Nxc5 13. Qb4 Nfd7 14. Rd1 Rc8 15.
Be3 Qe8 16. Nd5 Bxd5 17. Rxd5 Na4 18. Rad1 Ndb6 19. R5d2 Nc4 20. Bxc4 Rxc4 21.
Qa5 Rc8 22. Qxa6 Ra8 23. Qb7 Rb8 24. Qe4 Qc8 25. Rc2 Qb7 26. Qxb7 Rxb7 27. b3
Nb6 28. Rc5 Nd7 29. Rcd5 Nb8 30. a4 bxa4 31. bxa4 e6 32. Rd6 f6 33. a5 fxe5 34.
a6 Nxa6 35. Rxa6 e4 36. Ng5 Rfb8 37. Rxe6 Rb1 38. Red6 Be5 39. Rd8+ Kg7 40.
R8d7+ 1-0

[Event "NED-ch 1973"]
[Site "Leeuwarden"]
[Date "1973.??.??"]
[Round "3"]
[White "Van der Weide, Piet"]
[Black "Van der Vliet, Fred"]
[Result "0-1"]
[WhiteElo "2290"]
[BlackElo "2310"]
[PlyCount "120"]
[EventDate "1973.??.??"]
[Source "ChessBase"]
[SourceDate "1999.07.01"]

1. e4 c5 2. Nf3 d6 3. d4 cxd4 4. Nxd4 Nf6 5. Nc3 Nc6 6. Bc4 Qb6 7. Nb3 e6 8.
O-O a6 9. Be3 Qc7 10. Bd3 b5 11. f4 Be7 12. Qf3 Bb7 13. h3 O-O 14. g4 Nd7 15.
Qf2 Nb4 16. Rad1 Rac8 17. Nd4 Rfe8 18. Nf3 Nxd3 19. cxd3 b4 20. Ne2 Bf8 21. Ng3
g6 22. h4 Bg7 23. h5 Nf6 24. Nh2 gxh5 25. g5 Ng4 26. Nxg4 hxg4 27. f5 d5 28.
Nh5 exf5 29. Nxg7 Kxg7 30. Bd4+ Kg8 31. exf5 Qe7 32. Qf4 Rc2 33. g6 Qc7 34.
gxf7+ Kxf7 35. Qxc7+ Rxc7 36. Rf4 h5 37. f6 Bc8 38. Rff1 Rc2 39. Rc1 Ree2 40.
Rxc2 Rxc2 41. Re1 Be6 42. Re5 h4 43. Rg5 h3 44. Be5 Rg2+ 45. Kh1 Ke8 46. Bd4
Rg3 47. Bc5 Rf3 48. Kh2 Rxf6 49. Rg7 Rh6 50. Bxb4 Kd8 51. Bc5 Kc8 52. b4 Bd7
53. Rg8+ Kc7 54. a4 Re6 55. Ba7 Re2+ 56. Kh1 d4 57. b5 axb5 58. axb5 Bxb5 59.
Rg7+ Kc8 60. Rh7 g3 0-1

[Event "NED-ch 1973"]
[Site "Leeuwarden"]
[Date "1973.??.??"]
[Round "4"]
[White "Boersma, Paul"]
[Black "Van der Weide, Piet"]
[Result "1/2-1/2"]
[WhiteElo "2335"]
[BlackElo "2290"]
[PlyCount "83"]
[EventDate "1973.??.??"]
[Source "ChessBase"]
[SourceDate "1999.07.01"]

1. Nf3 f5 2. g3 Nf6 3. Bg2 g6 4. b3 Bg7 5. Bb2 O-O 6. O-O d6 7. d4 c6 8. Nbd2
Na6 9. Ne1 e5 10. dxe5 Nd7 11. Nd3 Nxe5 12. Nxe5 Bxe5 13. Bxe5 dxe5 14. Nc4 Qf6
15. Qd6 Qxd6 16. Nxd6 Rb8 17. Nc4 e4 18. Rfd1 Be6 19. Na5 Kf7 20. c3 Rfc8 21.
b4 b6 22. Nb3 c5 23. e3 cxb4 24. Bf1 Nc5 25. cxb4 Nd7 26. Ba6 Rd8 27. Nd4 Ne5
28. Kg2 Bc8 29. Be2 a6 30. Rac1 Rd7 31. Nc6 Nxc6 32. Rxc6 Rxd1 33. Bxd1 Be6 34.
Bb3 Bxb3 35. axb3 Rb7 36. h3 Ke7 37. g4 Kd7 38. Rc2 Kd6 39. Kg3 Rf7 40. Ra2 Kc6
41. Rxa6 Kb5 42. Ra4 1/2-1/2

[Event "NED-ch 1973"]
[Site "Leeuwarden"]
[Date "1973.??.??"]
[Round "4"]
[White "Hartoch, Rob"]
[Black "Enklaar, Bert"]
[Result "0-1"]
[WhiteElo "2380"]
[BlackElo "2445"]
[PlyCount "80"]
[EventDate "1973.??.??"]
[Source "ChessBase"]
[SourceDate "1999.07.01"]

1. g3 g6 2. Bg2 Bg7 3. e4 c5 4. Ne2 Nc6 5. O-O d6 6. d3 Rb8 7. a4 a6 8. c3 e5
9. Be3 Nf6 10. h3 O-O 11. d4 Qe7 12. d5 Nd8 13. b4 cxb4 14. cxb4 Nh5 15. Nec3
f5 16. exf5 Bxf5 17. Ra3 Rc8 18. Re1 Qd7 19. Kh2 Nf7 20. Qd2 Nf6 21. f3 h5 22.
Rb3 Kh7 23. Na3 g5 24. g4 Bg6 25. b5 a5 26. gxh5 Nxh5 27. Ne4 Nf4 28. Bxf4 gxf4
29. Qxa5 Bf5 30. Rc3 Rxc3 31. Qxc3 Rc8 32. Qb4 Qe7 33. a5 Qh4 34. a6 Ng5 35.
Nxg5+ Qxg5 36. axb7 Qg3+ 37. Kh1 Bxh3 38. Qe4+ Kh6 39. Bxh3 Qxh3+ 40. Kg1 Rg8
0-1

[Event "NED-ch 1973"]
[Site "Leeuwarden"]
[Date "1973.??.??"]
[Round "4"]
[White "Marcus, Joost"]
[Black "Henneberke, Frans"]
[Result "1-0"]
[WhiteElo "2395"]
[BlackElo "2200"]
[PlyCount "80"]
[EventDate "1973.??.??"]
[Source "ChessBase"]
[SourceDate "1999.07.01"]

1. Nf3 Nf6 2. c4 d5 3. cxd5 Nxd5 4. Nc3 Nxc3 5. bxc3 g6 6. g3 Bg7 7. Bg2 O-O 8.
O-O c5 9. Qa4 Nd7 10. Rb1 Qc7 11. d4 Nb6 12. Qa5 Nd5 13. Qxc7 Nxc7 14. Ba3 Nd5
15. Rfc1 cxd4 16. cxd4 Re8 17. Ne5 e6 18. e4 Bxe5 19. dxe5 Nb6 20. Rc7 Bd7 21.
Rxb7 Bc6 22. Rc7 Rec8 23. Bd6 Rxc7 24. Bxc7 Rc8 25. Bd6 Ba8 26. f3 Bc6 27. Rc1
Bd7 28. Rxc8+ Nxc8 29. Bc5 Kg7 30. Bf1 Nb6 31. Kf2 Bc6 32. Ke3 Bd7 33. Ba6 Bc6
34. Kd4 f5 35. exf6+ Kxf6 36. Bd6 Nd7 37. f4 Kf7 38. Bc4 Nf6 39. f5 gxf5 40.
exf5 Bd7 1-0

[Event "NED-ch 1973"]
[Site "Leeuwarden"]
[Date "1973.??.??"]
[Round "4"]
[White "Sosonko, Gennadi"]
[Black "Zuidema, Coenraad"]
[Result "1/2-1/2"]
[WhiteElo "2430"]
[BlackElo "2200"]
[PlyCount "43"]
[EventDate "1973.??.??"]
[Source "ChessBase"]
[SourceDate "1999.07.01"]

1. d4 Nf6 2. c4 e6 3. g3 d5 4. Bg2 dxc4 5. Qa4+ Nbd7 6. Nf3 a6 7. Nc3 Rb8 8.
Qxc4 b5 9. Qd3 Bb7 10. O-O Be7 11. Bf4 Rc8 12. Ne5 Bxg2 13. Kxg2 Nxe5 14. dxe5
Qxd3 15. exd3 Nd5 16. Nxd5 exd5 17. d4 Kd7 18. Rad1 Ke6 19. Be3 c5 20. f4 f5
21. exf6 Kxf6 22. dxc5 1/2-1/2

[Event "NED-ch 1973"]
[Site "Leeuwarden"]
[Date "1973.??.??"]
[Round "4"]
[White "Van Scheltinga, Theo"]
[Black "Van Baarle, John"]
[Result "1-0"]
[WhiteElo "2330"]
[BlackElo "2320"]
[PlyCount "89"]
[EventDate "1973.??.??"]
[Source "ChessBase"]
[SourceDate "1999.07.01"]

1. d4 Nf6 2. c4 c5 3. Nf3 cxd4 4. Nxd4 Nc6 5. Nc3 g6 6. e4 Nxd4 7. Qxd4 d6 8.
Be3 Bg7 9. Be2 O-O 10. Qd2 Ng4 11. Bxg4 Bxg4 12. Rc1 Be6 13. Nd5 Bxd5 14. exd5
Qd7 15. O-O Bf6 16. b3 Rfc8 17. a4 h5 18. Bd4 Qf5 19. Rc3 Bxd4 20. Qxd4 Rc7 21.
Re1 b6 22. h3 Qg5 23. Rce3 Re8 24. h4 Qh6 25. f4 Qg7 26. Qe4 Qf6 27. Rg3 Qxh4
28. Rg5 Kh7 29. Re3 e5 30. Rh3 Qxf4 31. Rgxh5+ Kg7 32. Rh7+ Kf8 33. Rh8+ Ke7
34. Rxe8+ Kxe8 35. Rh8+ Kd7 36. Qxf4 exf4 37. Kf2 Ke7 38. Kf3 g5 39. Kg4 f6 40.
Kf5 Rd7 41. Rh6 Kd8 42. Rxf6 Kc7 43. Kxg5 Rg7+ 44. Rg6 Rf7 45. Kg4 1-0

[Event "NED-ch 1973"]
[Site "Leeuwarden"]
[Date "1973.??.??"]
[Round "5"]
[White "Henneberke, Frans"]
[Black "Van Scheltinga, Theo"]
[Result "0-1"]
[WhiteElo "2200"]
[BlackElo "2330"]
[PlyCount "76"]
[EventDate "1973.??.??"]
[Source "ChessBase"]
[SourceDate "1999.07.01"]

1. d4 Nf6 2. c4 g6 3. Nc3 Bg7 4. g3 O-O 5. Bg2 d6 6. Nf3 Nc6 7. O-O a6 8. h3
Rb8 9. Be3 Bd7 10. Rc1 Na5 11. Nd2 b5 12. cxb5 axb5 13. b3 Nb7 14. Nde4 Ne8 15.
Qd2 e6 16. f4 d5 17. Nf2 b4 18. Nb1 Bb5 19. Qxb4 Bxe2 20. Rfe1 Nbd6 21. Qd2 Ba6
22. Nd3 Bxd3 23. Qxd3 f5 24. Nd2 Ne4 25. Nxe4 fxe4 26. Qc3 Nd6 27. g4 h5 28.
Qxc7 Qxc7 29. Rxc7 Nb5 30. Rd7 hxg4 31. hxg4 Bxd4 32. f5 gxf5 33. gxf5 Rxf5 34.
Bxd4 Nxd4 35. Bxe4 Rg5+ 36. Kh1 Rf8 37. Bd3 Rf3 38. Bf1 Rf4 0-1

[Event "NED-ch 1973"]
[Site "Leeuwarden"]
[Date "1973.??.??"]
[Round "5"]
[White "Van Baarle, John"]
[Black "Hartoch, Rob"]
[Result "0-1"]
[WhiteElo "2320"]
[BlackElo "2380"]
[PlyCount "48"]
[EventDate "1973.??.??"]
[Source "ChessBase"]
[SourceDate "1999.07.01"]

1. Nf3 c5 2. e4 e6 3. d3 Nc6 4. Nbd2 d6 5. g3 g6 6. Bg2 Bg7 7. O-O Nge7 8. a4
O-O 9. Re1 e5 10. Nc4 Rb8 11. c3 h6 12. Bd2 Be6 13. b4 Qd7 14. b5 Nd8 15. Qe2
Kh7 16. Rad1 f5 17. exf5 gxf5 18. Nh4 Bf6 19. Qh5 Nf7 20. Ne3 d5 21. Bh3 Bxh4
22. Qxh4 Ng5 23. Bg2 f4 24. Nxd5 Ng6 0-1

[Event "NED-ch 1973"]
[Site "Leeuwarden"]
[Date "1973.??.??"]
[Round "5"]
[White "Van der Vliet, Fred"]
[Black "Boersma, Paul"]
[Result "1/2-1/2"]
[WhiteElo "2310"]
[BlackElo "2335"]
[PlyCount "135"]
[EventDate "1973.??.??"]
[Source "ChessBase"]
[SourceDate "1999.07.01"]

1. Nf3 d6 2. d4 Nf6 3. c4 c6 4. Nc3 Bg4 5. e3 Nbd7 6. Be2 e5 7. dxe5 dxe5 8.
O-O Qc7 9. Qc2 Be7 10. b3 O-O 11. Bb2 Rfe8 12. Rfe1 Nc5 13. b4 e4 14. bxc5 exf3
15. gxf3 Bh3 16. Na4 Nd7 17. Kh1 Bf6 18. Bxf6 Nxf6 19. Qc3 Qe7 20. Rg1 g6 21.
Rg3 Be6 22. Rag1 Nh5 23. Rg5 Ng7 24. e4 f6 25. R5g2 Nh5 26. Re1 Nf4 27. Rgg1
Rad8 28. Qe3 Qc7 29. Nb2 Rd7 30. Rd1 Red8 31. Rd6 Nxe2 32. Qxe2 Rxd6 33. cxd6
Rxd6 34. Qe3 Qd8 35. e5 fxe5 36. Qxe5 Bf7 37. Qe3 Rd2 38. Na4 Qd4 39. Qxd4 Rxd4
40. Nc5 Bxc4 41. Nxb7 Bxa2 42. Ra1 Bd5 43. Kg2 Rd3 44. Rxa7 Rxf3 45. Kf1 Rh3
46. Nd6 Kf8 47. Kg1 Rd3 48. f4 h5 49. f5 Bb3 50. Ra8+ Ke7 51. Nc8+ Kf6 52. fxg6
Rd8 53. Ra3 Bd5 54. Nb6 Be4 55. Kf2 Kxg6 56. Ke3 Re8 57. Kf4 Bh1 58. Rg3+ Kf6
59. Nd7+ Ke6 60. Nc5+ Kd6 61. Nb7+ Kc7 62. Nc5 Re2 63. Rh3 Rf2+ 64. Ke3 Rf5 65.
Ne6+ Kd6 66. Nf4 Re5+ 67. Kd2 Re4 68. Nxh5 1/2-1/2

[Event "NED-ch 1973"]
[Site "Leeuwarden"]
[Date "1973.??.??"]
[Round "5"]
[White "Van der Weide, Piet"]
[Black "Marcus, Joost"]
[Result "1/2-1/2"]
[WhiteElo "2290"]
[BlackElo "2395"]
[PlyCount "90"]
[EventDate "1973.??.??"]
[Source "ChessBase"]
[SourceDate "1999.07.01"]

1. e4 c5 2. Nf3 d6 3. d4 cxd4 4. Nxd4 Nf6 5. Nc3 g6 6. Be2 Bg7 7. Be3 Nc6 8.
Nb3 O-O 9. f4 Be6 10. g4 Na5 11. f5 Bc4 12. e5 Nd7 13. f6 exf6 14. exd6 Re8 15.
Nxa5 Qxa5 16. Bxc4 Rxe3+ 17. Kf1 Ne5 18. Be2 f5 19. Nd5 Re4 20. gxf5 Nc6 21. f6
Bf8 22. b4 Rxb4 23. c3 Rd4 24. Ne7+ Bxe7 25. fxe7 Qf5+ 26. Ke1 Rxd1+ 27. Rxd1
Qe4 28. Rf1 Nxe7 29. Rd4 Qe5 30. dxe7 Qxe7 31. Kd2 Re8 32. Bc4 Qg5+ 33. Kc2 Rf8
34. Rdf4 Kg7 35. h4 Qg2+ 36. R1f2 Qc6 37. Bb3 f5 38. Re2 Qd6 39. Rd4 Qf6 40. h5
Qg5 41. h6+ Qxh6 42. Rd7+ Kf6 43. Rd6+ Kg7 44. Rd7+ Kf6 45. Rd6+ Kg7 1/2-1/2

[Event "NED-ch 1973"]
[Site "Leeuwarden"]
[Date "1973.??.??"]
[Round "5"]
[White "Zuidema, Coenraad"]
[Black "Scholl, Eddie"]
[Result "1/2-1/2"]
[WhiteElo "2200"]
[BlackElo "2400"]
[PlyCount "89"]
[EventDate "1973.??.??"]
[Source "ChessBase"]
[SourceDate "1999.07.01"]

1. e4 c5 2. Nf3 d6 3. d4 cxd4 4. Nxd4 Nf6 5. Nc3 a6 6. f4 e5 7. Nf3 Nbd7 8. a4
Be7 9. Bc4 O-O 10. Qe2 b6 11. O-O Qc7 12. Kh1 Nc5 13. fxe5 dxe5 14. Bg5 Bb7 15.
Bxf6 Bxf6 16. Bd5 Rac8 17. Bxb7 Qxb7 18. Nd5 Nd7 19. Rad1 Rfe8 20. Ne3 Nc5 21.
Nd5 Nd7 22. Ne1 Re6 23. c3 Bd8 24. Nc2 Nf6 25. Ncb4 a5 26. Nxf6+ Rxf6 27. Rxf6
Bxf6 28. Nd5 Qc6 29. b3 Rb8 30. h3 h6 31. Qh5 Qe6 32. c4 Be7 33. Qf5 Bc5 34.
Qxe6 fxe6 35. Nc7 Kf7 36. Rd7+ Be7 37. Kg1 Kf6 38. Kf2 g6 39. Ke2 Rc8 40. Nb5
Bc5 41. Nc3 Rf8 42. Rd3 Ke7 43. Rf3 Rd8 44. Nd1 h5 45. Rd3 1/2-1/2

[Event "NED-ch 1973"]
[Site "Leeuwarden"]
[Date "1973.??.??"]
[Round "6"]
[White "Hartoch, Rob"]
[Black "Henneberke, Frans"]
[Result "1/2-1/2"]
[WhiteElo "2380"]
[BlackElo "2200"]
[PlyCount "75"]
[EventDate "1973.??.??"]
[Source "ChessBase"]
[SourceDate "1999.07.01"]

1. c4 Nf6 2. Nf3 g6 3. Nc3 d5 4. cxd5 Nxd5 5. g3 Bg7 6. Bg2 Nb6 7. O-O O-O 8.
d3 Nc6 9. Be3 Nd4 10. Rc1 c6 11. Nxd4 Bxd4 12. Bg5 Be6 13. Qd2 Bf6 14. Bh6 Bg7
15. Ne4 Bd5 16. h4 Bxh6 17. Qxh6 Bxe4 18. Bxe4 Qd4 19. Rc2 f5 20. Bf3 Rad8 21.
Qe3 Qxe3 22. fxe3 Nd5 23. Bxd5+ Rxd5 24. Rc4 Re5 25. Kf2 Rf6 26. Rb4 b6 27. d4
Rd5 28. Rc1 Kf7 29. Rbc4 Rdd6 30. Ra4 Rd7 31. Rac4 Rdd6 32. a4 Rfe6 33. b4 a6
34. Ra1 Rd5 35. Rac1 Rdd6 36. Ra1 Rd5 37. a5 bxa5 38. Rxa5 1/2-1/2

[Event "NED-ch 1973"]
[Site "Leeuwarden"]
[Date "1973.??.??"]
[Round "6"]
[White "Marcus, Joost"]
[Black "Van der Vliet, Fred"]
[Result "1/2-1/2"]
[WhiteElo "2395"]
[BlackElo "2310"]
[PlyCount "83"]
[EventDate "1973.??.??"]
[Source "ChessBase"]
[SourceDate "1999.07.01"]

1. g3 g6 2. Bg2 Bg7 3. c4 d6 4. Nf3 Nf6 5. O-O O-O 6. Nc3 Nc6 7. d4 a6 8. d5
Na5 9. Nd2 c5 10. Qc2 e5 11. dxe6 fxe6 12. b3 Rb8 13. Bb2 b5 14. cxb5 axb5 15.
Rad1 d5 16. e3 Qe7 17. Nf3 Nc6 18. Ne2 e5 19. Rc1 c4 20. Nd2 Qa7 21. a3 Bg4 22.
Nc3 Bf5 23. e4 Nd4 24. Qd1 dxe4 25. b4 Rfd8 26. Qe1 Bh6 27. Ndxe4 Nxe4 28. Nxe4
Bxc1 29. Bxc1 Rf8 30. Kh1 Qc7 31. Bg5 Bxe4 32. Qxe4 Kh8 33. h4 c3 34. h5 gxh5
35. Qh4 Qf7 36. Be4 Rbc8 37. Be7 c2 38. Bxf8 c1=Q 39. Rxc1 Rxc1+ 40. Kg2 Qxf8
41. Qg5 Rc7 42. Qxe5+ 1/2-1/2

[Event "NED-ch 1973"]
[Site "Leeuwarden"]
[Date "1973.??.??"]
[Round "6"]
[White "Sosonko, Gennadi"]
[Black "Van Baarle, John"]
[Result "1/2-1/2"]
[WhiteElo "2430"]
[BlackElo "2320"]
[PlyCount "41"]
[EventDate "1973.??.??"]
[Source "ChessBase"]
[SourceDate "1999.07.01"]

1. e4 g6 2. d4 c6 3. Nc3 d6 4. Nf3 Bg7 5. Be2 Nf6 6. O-O O-O 7. Bf4 Nh5 8. Be3
Nd7 9. d5 Nhf6 10. Nd2 e6 11. Nc4 Nxe4 12. dxe6 Nxc3 13. bxc3 Ne5 14. Nxd6 fxe6
15. Ne4 Nf7 16. Qxd8 Rxd8 17. Rad1 Re8 18. c4 e5 19. c5 Be6 20. c4 Red8 21. g4
1/2-1/2